|
|
|
แสดงรายละเอียดบรรณานุกรม |
|
|
Brief Record
: Get Marc (ISO 2709)
: E-mail record
: |
| LEADER : 00000nam 2200000uu 4500 | |||
| 001 13399129201 | |||
| 003 ULIB | |||
| 008 260511s2568||||th 000 0 tha d | |||
| 020 ^a9789740343677 | |||
| 060 4 ^aWY106^bป221ก | |||
| 100 ^aปาหนัน กนกวงศ์นุวัฒน์. | |||
| 245 1 ^aการบริหารโครงการในชุมชน กลยุทธ์ที่ท้าทายของพยาบาล /^cปาหนัน กนกวงศ์นุวัฒน์. | |||
| 246 3 ^aกลยุทธ์ที่ท้าทายของพยาบาล | |||
| 250 ^aพิมพ์ครั้งที่ 2. | |||
| 260 ^aกรุงเทพฯ :^bสำนักพิมพ์จุฬาลงกรณ์มหาวิทยาลัย, ^c2568. | |||
| 300 ^a109 หน้า :^bภาพประกอบ ;^c26 ซม. | |||
| 505 0 ^aบทที่ 1 บทบาทของพยาบาลชุมชนในระบบสุขภาพ -- บทที่ 2 กระบวนการพยาบาลชุมชน -- บทที่ 3 การวางแผนกลยุทธ์และการบริหารโครงการ -- บทที่ 4 การประเมินผลโครงการ -- บทที่ 5 กรณีศึกษา : การบริหารโครงการในชุมชน. | |||
| 505 0 ^aบทบาทของพยาบาลชุมชนในระบบสุขภาพ -- กระบวนการพยาบาลชุมชน -- การวางแผนกลยุทธ์และการบริหารโครงการ -- การประเมินผลโครงการ -- กรณีศึกษา : การบริหารโครงการในชุมชน | |||
| 505 2 ^aแนวคิดระบบสุขภาพและระบบสุขภาพชุมชน : ยุทธศาสตร์ชาติ 20 ปี ; ระบบสุขภาพของประเทศไทย ; ระบบสุขภาพชุมชน ; โครงสร้างชุมชน ; การพยาบาลชุมชน ; บทบาทและหน้าที่ของพยาบาลชุมชน -- กระบวนการพยาบาลชุมชน : การประเมินชุมชน ; การวินิจฉัยชุมชน ; การวางแผนเพื่อแก้ไขปัญหาชุมชน ; การปฏิบัติตามแผนสุขภาพชุมชน -- การวางแผนกลยุทธ์และการบริหารโครงการ : การวางแผนกลยุทธ์ ; การบริหารโครงการ ; การควบคุมคุณภาพโครงการ ; ดัชนีชี้วัดความสำเร็จ -- การประเมินผลโครงการ : การประเมินผลโดยใช้ CIPP model ; การประเมินผลโดยใช้ Balance Scorecard -- กรณีศึกษา การบริหารโครงการในชุมชน : นโยบายระดับกระทรวง ; ยุทธศาสตร์มหาวิทยาลัยราภัฎ 20 ปี ; ยุทธศาสตร์ที่ 1 การพัฒนาท้องถิ่น ; โครงการหลักของยุทธศาสตร์ที่ 1 การพัฒนาท้องถิ่น ; โครงการส่งเสริมการออกกำลังกายสำหรับผู้สูงอายุ ตำบลเขาวงกต ; การประเมินผลโครงการ | |||
| 505 2 ^a^tแนวคิดระบบสุขภาพและระบบสุขภาพชุมชน -- กระบวนการพยาบาลชุมชน -- การวางแผนกลยุทธ์และการบริหารโครงการ -- การประเมินผลโครงการ -- กรณีศึกษา : การบริหารโครงการในชุมชน. | |||
| 650 4 ^aอนามัยชุมชน. | |||
| 650 7 ^aการบริหารโครงการ | |||
| 650 7 ^aการพยาบาล | |||
| 650 7 ^aการพยาบาลสาธารณสุข | |||
| 650 7 ^aการพยาบาลอนามัยชุมชน^xการบริหาร | |||
| 650 7 ^aชุมชน | |||
| 650 7 ^aบริการอนามัยชุมชน^xการบริหาร | |||
| 650 0 ^aการพยาบาลอนามัยชุมชน. | |||
| 650 0 ^aบริการอนามัยชุมชน. | |||
| 651 ^aการพยาบาลอนามัยชุมชน. | |||
| 655 4 ^aHealth Sciences Branch. | |||
| 658 ^aคณะพยาบาลศาสตร์. | |||
| 658 ^aคณะวิทยาศาสตร์และเทคโนโลยี. ^bสาขาวิชาสาธารณสุขศาสตร์. | |||
| 999 ^aประนอม เกษจรัล | |||
| คุณยังไม่ได้ล็อกอิน คุณสามารถมีกิจกรรมร่วมกับเว็บไซต์ได้ แต่ต้องล็อกอินก่อน :: |
|
รายการสื่อสารสนเทศ |
| สถานะ | |||||
| 1. | หนังสือสำรอง สถานะ=หนังสือสำรอง | WY106 ป221ก ฉ.1 Barcode: 012138 | ►หนังสือทั่วไป | บนชั้น *เพิ่งรับคืน | |
| 2. | Book การพยาบาล | WY106 ป221ก ฉ.2 Barcode: 012139 | ►หนังสือทั่วไป | บนชั้น *เพิ่งรับคืน | |
| 3. | Book การพยาบาล | WY106 ป221ก ฉ.3 Barcode: 012140 | ►หนังสือทั่วไป | บนชั้น *เพิ่งรับคืน | |
| 4. | Book การพยาบาล | WY106 ป221ก ฉ.4 Barcode: 012141 | ►หนังสือทั่วไป | บนชั้น *เพิ่งรับคืน | |
| 5. | Book การพยาบาล | WY106 ป221ก ฉ.5 Barcode: 012142 | ►หนังสือทั่วไป | บนชั้น *เพิ่งรับคืน | |
BibComment |
| คอมเมนท์ทรัพยากรรายการนี้ |
|
| |
Copyright 2026. Bcnsprnw @Library |
|